000
00282nam a22001217a 4500
008
181207b xxu||||| |||| 00| 0 eng d
041
_a
eng
080
_a
618
100
_a
10
101
_a
GJIN
245
_a
Classics in Obstetrics and Gynecology
_c
Eskes,T.K.A.B
942
_2
udc
_c
BK
999
_c
53009
_d
53009